000 01301nam a22003497a 4500
003 CHAP
005 20220329133112.0
008 971013s1991 r 00010 d
010 _a2172
011 _a3144
035 _a2344
040 _cCHAP
090 _aTesis
100 0 0 _aGonzález Méndez, Laura María.
_949186
245 _aEfectos del fitorregulador biozyme en la fisiología, histología y rendimiento del frijol (Phaseolus vulgaris L.) cv. pinto americano, en condiciones de campo en la Sierra de Arteaga, Coah.
260 _aMonterrey, N. L. :
_bEl Autor,
_c1991
300 _a116 H.
_b: ilus.
500 _aD44-206
502 _aTesis (M.C. Esp. en Fitomejoramiento y Fisiotecnia) -- ITESM. División de Graduados e Investigación
590 _aALEPH
_b10
_c20130110
_lUCH01
_h1212
590 _aBATCH-UPD
_b10
_c20130110
_lUCH01
_h1639
590 _aBATCH-UPD
_b10
_c20130410
_lUCH01
_h1030
590 _aBATCH-UPD
_b10
_c20130914
_lUCH01
_h1439
590 _aCONVERSION
_b10
_c20130109
_lUCH01
_h1302
650 1 4 _aFrijol escarlata.
_943464
650 1 4 _aFrijol
_xFisiología y morfología.
_943380
650 1 4 _aFrijol
_xRendimiento.
_943429
650 1 4 _aPlantas
_xCrecimiento
_xAditivos.
_988804
901 _aBK
942 _cTESIS
949 _bBC
_cTES
_d-11844
_eTS1
_h24448
_i2344
_si
999 _c2172
_d2172